Data Science : A First Introduction with Python /

Kaydedildi:
Detaylı Bibliyografya
Diğer Yazarlar: Timbers, Tiffany (autor) (autor)
Materyal Türü: Kitap
Dil:İngilizce
Baskı/Yayın Bilgisi: Boca Ratón, EUA : CRC Press, 2025, c2025
Konular:
Etiketler: Etiketle
Etiket eklenmemiş, İlk siz ekleyin!

MARC

LEADER 00000nam^a2200000^a^4500
001 000595936
005 20250521000000.0
009 20260526153725.981
020 |a 978-1-032-57223-9 
037 |a Acervo ITESO - Biblioteca 
041 |a ING 
082 |a 005. 7  |b DAT 
245 0 0 |a Data Science :  |b A First Introduction with Python /  |c T. Timbers... [et al.]. 
264 4 |a Boca Ratón, EUA :  |b CRC Press,  |c 2025, c2025 
300 |a XX, 431 p. 
336 |a texto  |b txt  |2 rdacontenido 
337 |a sin mediación  |b n  |2 rdamedio 
338 |a volumen  |b nc  |2 rdasoporte 
521 |a Peticiones 2025 
649 |a XX 
650 |a Big Data 
650 |a Minería de Datos 
650 |a Visión por Computadora 
650 |a Proceso de Datos 
650 |a Aprendizaje Automático (Inteligencia Artificial) 
650 |a Inteligencia Artificial 
650 |a Bases de Datos -  |x Administración -  |x Tema Principal 
650 |a Estructura de Datos 
650 |a Programación (Software) -  |x Tema Principal 
650 |a Matemáticas 
650 |a Desarrollo de Sistemas 
650 |a Sistemas Computacionales 
650 |a Ingeniería Computacional 
700 |a Timbers, Tiffany  |e (autor) 
910 |a Fondo General 
920 |a Impresos - Libros 
930 |a Colección General 
905 |a 101 
901 |a 595936-10  |b IT1  |c ACC  |i C189394  |u 20250521 
902 |a https://opac.biblio.iteso.mx/vufind/Record/000595936